Normal view
MARC view
- Superconducting magnets
Entry Topical Term
001 - CONTROL NUMBER
- control field: 104925
003 - CONTROL NUMBER IDENTIFIER
- control field: NUST
005 - DATE AND TIME OF LATEST TRANSACTION
- control field: 20221215110141.0
008 - FIXED-LENGTH DATA ELEMENTS
- fixed length control field: 221215|| aca||aabn | a|a d
040 ## - CATALOGING SOURCE
- Original cataloging agency: NUST
- Transcribing agency: NUST
150 ## - HEADING--TOPICAL TERM
- Topical term or geographic name entry element: Superconducting magnets
- General subdivision: Fluctuations
670 ## - SOURCE DATA FOUND
- Source citation: Work cat.: (NUST)184342: Savchenko, M. A. 104922, Fluctuational superconductivity of magnetic systems /, c1990.
